| 000 | 01025nam0a22002651 4500 | ||
|---|---|---|---|
| 001 | rc\3007869 | ||
| 005 | 20250806200917.0 | ||
| 035 | _a(NLR Aleph) 007150579 | ||
| 090 |
_a3936 _c3936 |
||
| 100 | _a20110922d1945 u y0rusy50 ca | ||
| 101 | 0 | _arus | |
| 102 | _aRU | ||
| 105 | _ay z ||||| | ||
| 200 | 1 |
_aКонспект беседы с водителями об основных условиях дорожной безопасности _fГ.М. Соловьев |
|
| 210 |
_a[Москва] _cОтд. регулирования уличного движения Упр. милиции г. Москвы _d1945 _gтип. изд-ва "Моск. большевик" |
||
| 215 |
_a16 с. _d14 см |
||
| 300 | _aБез обл. | ||
| 700 | 1 |
_aСоловьев _bГ.М. _gГеоргий Михайлович |
|
| 801 | 0 |
_aRU _bNLR _gpsbo |
|
| 801 | 1 |
_aRU _bELAR _2rusmarc |
|
| 852 |
_aNLR _jТ86 Г-2/242 |
||
| 942 | _cBOOK | ||
| 945 | _aРоссийская национальная библиотека | ||
| 980 | _aNB | ||
| 980 | _aBV | ||